000 00305nam a22001337a 4500
008 170614b xxu||||| |||| 00| 0 eng d
020 _a9780415061506
041 _aeng
080 _a94
100 _a17
101 _aSHH
245 _aTHE END OF THE COMMUNIST REVOLUTION
_cDANIELS,R.V
942 _2udc
_cBK
999 _c17281
_d17281